Capital to Country Click Quiz #3 - Statistics

General Stats
  • This quiz has been taken 187 times
  • The average score is 17 of 20
Answer Stats
Hint Answer % Correct
Copenhagen Denmark
97%
Athens Greece
97%
Bangkok Thailand
97%
Algiers Algeria
96%
Andorra la Vella Andorra
96%
Brasilia Brazil
96%
Tehran Iran
95%
Oslo Norway
95%
Tallinn Estonia
93%
Kathmandu Nepal
91%
Tbilisi Georgia
89%
Nassau Bahamas
83%
Suva Fiji
82%
Tegucigalpa Honduras
81%
Sana‘a Yemen
75%
Lilongwe Malawi
74%
Lusaka Zambia
72%
Praia Cape Verde
71%
Maputo Mozambique
70%
Bangui Central African Republic
67%
No matching quizzes found
Score Distribution
Percent of People with Each Score
Percentile by Number Answered
Your Score History
You have not taken this quiz